[Event "17PCR_ZK03"]
[Site "?"]
[Date "2007.??.??"]
[Round "?"]
[White "Pavlicek, Miroslav"]
[Black "Zachoval, Milan"]
[Result "1-0"]
[WhiteElo "1964"]
[BlackElo "1600"]
[PlyCount "45"]
[EventDate "2007.??.??"]
[EventType "corr"]
[EventRounds "2"]
[SourceDate "2007.06.28"]

1. b4 e5 2. Bb2 f6 3. b5 d5 4. e3 Be6 5. d4 e4 6. Nd2 c6 7. a4 Bd6 8. c4 f5 9.
Nh3 Nf6 10. g3 O-O 11. Qb3 b6 12. Ng5 Bd7 13. cxd5 cxd5 14. Bc4 dxc4 15. Nxc4
Qe7 16. Nxd6+ Kh8 17. Ba3 Qd8 18. Ndf7+ Kg8 19. Nxd8+ Kh8 20. Ndf7+ Kg8 21.
Nh6+ Kh8 22. Qg8+ Rxg8 23. Nhf7# 1-0

[Event "17PCR_ZK03"]
[Site "?"]
[Date "2007.??.??"]
[Round "?"]
[White "Mudra, Oldrich"]
[Black "Pavlicek, Miroslav"]
[Result "1/2-1/2"]
[WhiteElo "2116"]
[BlackElo "1964"]
[PlyCount "34"]
[EventDate "2007.??.??"]
[EventType "corr"]
[EventRounds "2"]
[SourceDate "2007.06.28"]

1. Nf3 d5 2. d4 g6 3. g3 Bg7 4. Bg2 c5 5. O-O cxd4 6. Nxd4 Nc6 7. Nxc6 bxc6 8.
c4 e6 9. e4 Ne7 10. exd5 exd5 11. Nc3 O-O 12. cxd5 Nxd5 13. Nxd5 cxd5 14. Bxd5
Rb8 15. Be3 Ba6 16. Re1 Rxb2 17. Rc1 Bb7 1/2-1/2

[Event "17PCR_ZK03"]
[Site "?"]
[Date "2007.??.??"]
[Round "?"]
[White "Goc, Pavel"]
[Black "Zachoval, Milan"]
[Result "1-0"]
[WhiteElo "2145"]
[BlackElo "1600"]
[PlyCount "35"]
[EventDate "2007.??.??"]
[EventType "corr"]
[EventRounds "2"]
[SourceDate "2007.06.28"]

1. e4 e5 2. Nf3 Nc6 3. d4 exd4 4. c3 dxc3 5. Bc4 cxb2 6. Bxb2 Bb4+ 7. Nc3 Bd6
8. Nd5 f6 9. Rc1 Na5 10. e5 fxe5 11. Nxe5 Qg5 12. O-O Nxc4 13. Nxc4 Ne7 14.
Nxd6+ cxd6 15. Nxe7 Kxe7 16. Re1+ Kd8 17. Qxd6 Re8 18. Qc7# 1-0

[Event "17PCR_ZK03"]
[Site "?"]
[Date "2007.??.??"]
[Round "?"]
[White "Cvak, Rudolf"]
[Black "Mudra, Oldrich"]
[Result "1/2-1/2"]
[WhiteElo "2247"]
[BlackElo "2116"]
[PlyCount "56"]
[EventDate "2007.??.??"]
[EventType "corr"]
[EventRounds "2"]
[SourceDate "2007.06.28"]

1. e4 c6 2. d4 d5 3. e5 Bf5 4. Nc3 e6 5. g4 Bg6 6. Nge2 c5 7. h4 h6 8. Be3 Qb6
9. f4 Nc6 10. f5 Bh7 11. Qd2 exf5 12. O-O-O Qa5 13. dxc5 Bxc5 14. gxf5 Bxf5 15.
Nxd5 Bxe3 16. Qxe3 O-O-O 17. Nec3 Nge7 18. Nxe7+ Nxe7 19. Bh3 Qb6 20. Qxb6
Rxd1+ 21. Rxd1 axb6 22. Bxf5+ Nxf5 23. Rf1 g6 24. h5 Re8 25. Re1 gxh5 26. Nd5
b5 27. Nf6 Re7 28. Nxh5 Nd4 1/2-1/2

[Event "17PCR_ZK03"]
[Site "?"]
[Date "2007.??.??"]
[Round "?"]
[White "Mudra, Oldrich"]
[Black "Cvak, Rudolf"]
[Result "1/2-1/2"]
[WhiteElo "2116"]
[BlackElo "2247"]
[PlyCount "39"]
[EventDate "2007.??.??"]
[EventType "corr"]
[EventRounds "2"]
[SourceDate "2007.06.28"]

1. Nf3 Nf6 2. g3 g6 3. Bg2 Bg7 4. O-O O-O 5. c4 c6 6. d4 d5 7. Nbd2 Bf5 8. b3
Qd7 9. Bb2 Na6 10. Ne5 Qe6 11. f3 Bh3 12. e4 Bxg2 13. Kxg2 Rad8 14. Qe2 Nd7 15.
Nd3 Nb6 16. c5 Na8 17. e5 f5 18. f4 N8c7 19. a4 h6 20. h3 1/2-1/2

[Event "17PCR_ZK03"]
[Site "?"]
[Date "2007.??.??"]
[Round "?"]
[White "Cvak, Rudolf"]
[Black "Masek, Frantisek"]
[Result "1-0"]
[WhiteElo "2247"]
[BlackElo "1864"]
[PlyCount "31"]
[EventDate "2007.??.??"]
[EventType "corr"]
[EventRounds "2"]
[SourceDate "2007.06.28"]

1. e4 c5 2. Nf3 e6 3. d4 cxd4 4. Nxd4 Nf6 5. Nc3 Nc6 6. Ndb5 Qa5 7. Bf4 e5 8.
Bd2 Nb4 9. a3 Na6 10. Nd5 Qd8 11. Bg5 Bc5 12. Bxf6 gxf6 13. Qh5 O-O 14. Qh6 Be7
15. Nd6 b6 16. Nf5 1-0

[Event "17PCR_ZK03"]
[Site "?"]
[Date "2007.??.??"]
[Round "?"]
[White "Zachoval, Milan"]
[Black "Masek, Frantisek"]
[Result "1/2-1/2"]
[WhiteElo "1600"]
[BlackElo "1864"]
[PlyCount "62"]
[EventDate "2007.??.??"]
[EventType "corr"]
[EventRounds "2"]
[SourceDate "2007.06.28"]

1. e4 c5 2. Nf3 e6 3. d4 cxd4 4. Nxd4 Nc6 5. Nc3 a6 6. Be3 Bb4 7. Qd2 Nf6 8.
Bd3 d5 9. exd5 Nxd5 10. Nde2 O-O 11. O-O Qa5 12. a3 Bxc3 13. Nxc3 Nxe3 14. Qxe3
Rd8 15. Rfe1 Bd7 16. b4 Qc7 17. Ne2 Ne5 18. f3 Nxd3 19. cxd3 Qd6 20. Nc3 Bc6
21. Red1 Qd4 22. Qxd4 Rxd4 23. Kf2 Kf8 24. Ke2 Rad8 25. Ke3 Ke7 26. Ne2 R4d7
27. a4 b5 28. a5 f5 29. Ra3 Bd5 30. Rc3 Kf6 31. g3 Bc4 1/2-1/2

[Event "17PCR_ZK03"]
[Site "?"]
[Date "2007.??.??"]
[Round "?"]
[White "Masek, Frantisek"]
[Black "Pavlicek, Miroslav"]
[Result "0-1"]
[WhiteElo "1864"]
[BlackElo "1964"]
[PlyCount "38"]
[EventDate "2007.??.??"]
[EventType "corr"]
[EventRounds "2"]
[SourceDate "2007.06.28"]

1. Nf3 c5 2. g3 d5 3. Bg2 Nc6 4. d4 e6 5. c3 Qb6 6. O-O Nf6 7. a4 cxd4 8. Nxd4
e5 9. Nxc6 Qxc6 10. Bg5 Be6 11. b3 Ne4 12. c4 f5 13. cxd5 Bxd5 14. Na3 Bxa3 15.
Rxa3 h6 16. Be3 f4 17. gxf4 Nc3 18. Qa1 Nxe2+ 19. Kh1 Bxg2# 0-1

[Event "17PCR_ZK03"]
[Site "?"]
[Date "2007.??.??"]
[Round "?"]
[White "Cvak, Rudolf"]
[Black "Zachoval, Milan"]
[Result "1-0"]
[WhiteElo "2247"]
[BlackElo "1600"]
[PlyCount "73"]
[EventDate "2007.??.??"]
[EventType "corr"]
[EventRounds "2"]
[SourceDate "2007.06.28"]

1. e4 c5 2. Nf3 d6 3. d4 cxd4 4. Nxd4 Nf6 5. Nc3 g6 6. Be3 Bg7 7. f3 O-O 8. Qd2
Nc6 9. O-O-O Bd7 10. g4 Nxd4 11. Bxd4 Qa5 12. h4 h5 13. gxh5 Nxh5 14. Bxg7 Kxg7
15. Rg1 Nf6 16. Rg5 Qc7 17. h5 Rh8 18. Nd5 Nxd5 19. exd5 Bf5 20. hxg6 fxg6 21.
Rxf5 gxf5 22. Qg5+ Kf7 23. Bb5 Rh2 24. Qxf5+ Kg8 25. Rg1+ Kh8 26. c3 Rg8 27.
Rxg8+ Kxg8 28. Qg4+ Kh8 29. Qd4+ Kh7 30. Bd3+ Kg8 31. Qg1+ Kf8 32. Qxh2 Qc5 33.
Qh8+ Kf7 34. Qh5+ Kf8 35. Qg5 b5 36. Bg6 Qf2 37. Qh6+ 1-0

[Event "17PCR_ZK03"]
[Site "?"]
[Date "2007.??.??"]
[Round "?"]
[White "Zachoval, Milan"]
[Black "Mudra, Oldrich"]
[Result "0-1"]
[WhiteElo "1600"]
[BlackElo "2116"]
[PlyCount "46"]
[EventDate "2007.??.??"]
[EventType "corr"]
[EventRounds "2"]
[SourceDate "2007.06.28"]

1. e4 c6 2. d4 d5 3. exd5 cxd5 4. c4 Nf6 5. Nc3 Nc6 6. Nf3 Bg4 7. Be3 e6 8. c5
Be7 9. Be2 O-O 10. O-O Rc8 11. a3 b6 12. b4 bxc5 13. bxc5 Ne4 14. Qc2 Nxc3 15.
Qxc3 e5 16. dxe5 Bxf3 17. Bxf3 d4 18. Bxd4 Nxd4 19. Rfd1 Bxc5 20. Qd3 Qc7 21.
Rac1 Qxe5 22. Rxc5 Nxf3+ 23. Qxf3 Rxc5 0-1

[Event "17PCR_ZK03"]
[Site "?"]
[Date "2007.??.??"]
[Round "?"]
[White "Zachoval, Milan"]
[Black "Pavlicek, Miroslav"]
[Result "0-1"]
[WhiteElo "1600"]
[BlackElo "1964"]
[PlyCount "64"]
[EventDate "2007.??.??"]
[EventType "corr"]
[EventRounds "2"]
[SourceDate "2007.06.28"]

1. e4 c5 2. Nf3 d6 3. d4 cxd4 4. Nxd4 Nf6 5. Nc3 a6 6. Bg5 e6 7. f3 Be7 8. Qd2
Nc6 9. Be3 O-O 10. O-O-O Nxd4 11. Bxd4 b5 12. Bd3 Qa5 13. Kb1 b4 14. Ne2 e5 15.
Be3 Be6 16. b3 d5 17. Bg5 dxe4 18. fxe4 Rfd8 19. Bxf6 Bxf6 20. Qe3 h6 21. Qf2
Rac8 22. h3 Rc3 23. Nc1 Rdc8 24. Qa7 R3c6 25. Qf2 Be7 26. Rhf1 Qa3 27. Qg3 Rc5
28. h4 Ra5 29. Be2 Rc3 30. Rf3 Bxb3 31. cxb3 Rxc1+ 32. Rxc1 Qxa2# 0-1

[Event "17PCR_ZK03"]
[Site "?"]
[Date "2007.??.??"]
[Round "?"]
[White "Cvak, Rudolf"]
[Black "Vyvial, Vaclav"]
[Result "1-0"]
[WhiteElo "247"]
[BlackElo "1767"]
[PlyCount "51"]
[EventDate "2007.??.??"]
[EventType "corr"]
[EventRounds "2"]
[SourceDate "2007.06.28"]

1. e4 e6 2. d4 d5 3. e5 c5 4. Nc3 cxd4 5. Nb5 Nc6 6. Nf3 Bc5 7. a3 Nge7 8. Bd3
a6 9. b4 axb5 10. bxc5 Ng6 11. O-O Ngxe5 12. Nxe5 Nxe5 13. Bxb5+ Bd7 14. Rb1
Bxb5 15. Rxb5 Qd7 16. Rb3 Nc6 17. Qh5 Ra5 18. Rg3 g6 19. Qh6 Qe7 20. Bg5 Qf8
21. Qh4 Rxc5 22. Bf6 Rg8 23. Qxh7 Rxc2 24. Rb3 d3 25. Rxd3 Rc4 26. g3 1-0

[Event "17PCR_ZK03"]
[Site "?"]
[Date "2007.??.??"]
[Round "?"]
[White "Vyvial, Vaclav"]
[Black "Cvak, Rudolf"]
[Result "0-1"]
[WhiteElo "1767"]
[BlackElo "2247"]
[PlyCount "50"]
[EventDate "2007.??.??"]
[EventType "corr"]
[EventRounds "2"]
[SourceDate "2007.06.28"]

1. Nf3 Nf6 2. c4 g6 3. g3 Bg7 4. Bg2 c5 5. d3 Nc6 6. O-O O-O 7. Nc3 d6 8. Bg5
Bf5 9. Qd2 Qd7 10. Bh6 Bh3 11. Bxh3 Qxh3 12. Bxg7 Kxg7 13. Nd5 Ng4 14. Qc3+ e5
15. e3 g5 16. Rfd1 f5 17. Nc7 Rf6 18. Rd2 Rh6 19. Kh1 Kg8 20. Qc1 Nxh2 21. Nxg5
Qg4 22. Kg2 Qxg5 23. Qd1 f4 24. exf4 exf4 25. Nd5 f3+ 0-1

[Event "17PCR_ZK03"]
[Site "?"]
[Date "2007.??.??"]
[Round "?"]
[White "Mudra, Oldrich"]
[Black "Zachoval, Milan"]
[Result "1-0"]
[WhiteElo "2116"]
[BlackElo "1600"]
[PlyCount "59"]
[EventDate "2007.??.??"]
[EventType "corr"]
[EventRounds "2"]
[SourceDate "2007.06.28"]

1. Nf3 d5 2. d4 c6 3. c4 Nf6 4. Nc3 a6 5. e3 e6 6. c5 Nbd7 7. b4 Ne4 8. Nxe4
dxe4 9. Nd2 f5 10. Qb3 Nf6 11. Be2 Be7 12. Nc4 Nd5 13. O-O O-O 14. f3 exf3 15.
Bxf3 Bf6 16. Bb2 Bd7 17. a3 b5 18. cxb6 Nxb6 19. Ne5 Bxe5 20. dxe5 Nd5 21. Bd4
Qb8 22. e4 fxe4 23. Bxe4 Rxf1+ 24. Rxf1 a5 25. Qh3 h6 26. Qh5 Be8 27. Qf3 g6
28. Qf8+ Kh7 29. Be3 Nxe3 30. Qe7+ 1-0

[Event "17PCR_ZK03"]
[Site "?"]
[Date "2007.??.??"]
[Round "?"]
[White "Pavlicek, Miroslav"]
[Black "Mudra, Oldrich"]
[Result "0-1"]
[WhiteElo "1964"]
[BlackElo "2116"]
[PlyCount "66"]
[EventDate "2007.??.??"]
[EventType "corr"]
[EventRounds "2"]
[SourceDate "2007.06.28"]

1. b4 d5 2. Bb2 Nf6 3. e3 Bf5 4. Bd3 Bxd3 5. cxd3 e6 6. Qb3 Qd6 7. b5 Nbd7 8.
Nf3 a6 9. O-O axb5 10. Qxb5 Qa6 11. Qxa6 Rxa6 12. Nc3 c6 13. d4 Bd6 14. a4 O-O
15. Rfb1 Bb4 16. Ne1 Rc8 17. Nd3 Ba5 18. Nc5 Nxc5 19. dxc5 b6 20. cxb6 Rxb6 21.
Ba3 Nd7 22. Rxb6 Nxb6 23. Bc5 Nc4 24. Nb1 f6 25. g3 Rb8 26. Kg2 e5 27. d4 exd4
28. Bxd4 Rb3 29. Bc5 Ne5 30. Bd6 Nd3 31. Ba3 Ne1+ 32. Kh3 f5 33. Bc1 g5 0-1

[Event "17PCR_ZK03"]
[Site "?"]
[Date "2007.??.??"]
[Round "?"]
[White "Vyvial, Vaclav"]
[Black "Goc, Pavel"]
[Result "0-1"]
[WhiteElo "1767"]
[BlackElo "2145"]
[PlyCount "70"]
[EventDate "2007.??.??"]
[EventType "corr"]
[EventRounds "2"]
[SourceDate "2007.06.28"]

1. Nf3 d5 2. d4 Nf6 3. Bf4 c5 4. c3 cxd4 5. cxd4 Nc6 6. e3 e6 7. Bd3 Qb6 8. Qe2
Nb4 9. Bb5+ Bd7 10. Bxd7+ Nxd7 11. O-O Rc8 12. Nc3 Be7 13. a3 Nc6 14. Rfc1 O-O
15. Rc2 Na5 16. Nd2 Nb3 17. Nxb3 Qxb3 18. Rac1 Nb6 19. Nd1 Rxc2 20. Rxc2 Rc8
21. Rxc8+ Nxc8 22. h3 Nb6 23. Bb8 a5 24. Bg3 Nc4 25. Bc7 b5 26. Kh2 Bf6 27. Nc3
Nxa3 28. Nxd5 Qxd5 29. bxa3 a4 30. e4 Qc4 31. Qxc4 bxc4 32. d5 exd5 33. exd5
Kf8 34. Kg3 Ke7 35. Kf3 Bd4 0-1

[Event "17PCR_ZK03"]
[Site "?"]
[Date "2007.??.??"]
[Round "?"]
[White "Goc, Pavel"]
[Black "Vyvial, Vaclav"]
[Result "1-0"]
[WhiteElo "2145"]
[BlackElo "1767"]
[PlyCount "57"]
[EventDate "2007.??.??"]
[EventType "corr"]
[EventRounds "2"]
[SourceDate "2007.06.28"]

1. e4 e6 2. d4 d5 3. Nc3 Nf6 4. e5 Nfd7 5. f4 c5 6. Nf3 Nc6 7. Be3 Qb6 8. Na4
Qa5+ 9. c3 cxd4 10. b4 Nxb4 11. cxb4 Bxb4+ 12. Bd2 Bxd2+ 13. Nxd2 O-O 14. Bd3
b5 15. Nb2 f6 16. exf6 g6 17. O-O Rxf6 18. Nb3 Qb6 19. a4 bxa4 20. Nxa4 Qb4 21.
Qc2 e5 22. fxe5 Rxf1+ 23. Rxf1 Nxe5 24. Nac5 Nxd3 25. Qxd3 Qc3 26. Qxd4 Qxd4+
27. Nxd4 a5 28. Nc6 Kg7 29. Ne7 1-0

[Event "17PCR_ZK03"]
[Site "?"]
[Date "2007.??.??"]
[Round "?"]
[White "Cvak, Rudolf"]
[Black "Goc, Pavel"]
[Result "1-0"]
[WhiteElo "2247"]
[BlackElo "2145"]
[PlyCount "55"]
[EventDate "2007.??.??"]
[EventType "corr"]
[EventRounds "2"]
[SourceDate "2007.06.28"]

1. e4 e5 2. Nf3 Nc6 3. Bc4 Nf6 4. Ng5 Bc5 5. Bxf7+ Ke7 6. Bb3 Qe8 7. Nc3 Rf8 8.
O-O d6 9. d3 h6 10. Nd5+ Nxd5 11. exd5 Nd4 12. Ne4 Qg6 13. Kh1 Bb6 14. Be3 Nxb3
15. axb3 Bf5 16. Ng3 Bg4 17. Qe1 Bxe3 18. Qxe3 Qf7 19. f4 Qxd5 20. f5 Kf7 21.
Ra4 h5 22. Qg5 Kg8 23. f6 Qf7 24. h3 b5 25. Re4 Bd7 26. Nxh5 g6 27. Rh4 Qh7 28.
f7+ 1-0

[Event "17PCR_ZK03"]
[Site "?"]
[Date "2007.??.??"]
[Round "?"]
[White "Zachoval, Milan"]
[Black "Goc, Pavel"]
[Result "0-1"]
[WhiteElo "1600"]
[BlackElo "2145"]
[PlyCount "94"]
[EventDate "2007.??.??"]
[EventType "corr"]
[EventRounds "2"]
[SourceDate "2007.06.28"]

1. e4 e5 2. Nf3 Nc6 3. Bb5 f5 4. Nc3 fxe4 5. Nxe4 d5 6. Nxe5 dxe4 7. Nxc6 Qd5
8. c4 Qd3 9. Nxa7+ Bd7 10. Bxd7+ Qxd7 11. Qh5+ g6 12. Qe5+ Kf7 13. Nb5 c6 14.
Qd4 Rd8 15. Qxd7+ Rxd7 16. Nc3 Nf6 17. O-O Bc5 18. h3 Rhd8 19. a3 Rd4 20. b4
Bd6 21. c5 Be5 22. Ra2 Rc4 23. Rc2 Ke6 24. Bb2 Bf4 25. Rd1 h5 26. Kf1 g5 27.
Ke2 Kf5 28. d3 exd3+ 29. Rxd3 Nd5 30. g3 Be5 31. Rf3+ Ke6 32. Rd3 Ra8 33. Kd1
Bxc3 34. Bxc3 Rxa3 35. Kd2 Nxc3 36. Rcxc3 Raxc3 37. Rxc3 Rxb4 38. Re3+ Kd5 39.
Rf3 Rd4+ 40. Ke3 Kxc5 41. Rf5+ Rd5 42. Rxd5+ Kxd5 43. f4 gxf4+ 44. Kxf4 b5 45.
g4 hxg4 46. hxg4 b4 47. Ke3 c5 0-1

[Event "17PCR_ZK03"]
[Site "?"]
[Date "2007.??.??"]
[Round "?"]
[White "Goc, Pavel"]
[Black "Masek, Frantisek"]
[Result "1-0"]
[WhiteElo "2145"]
[BlackElo "1864"]
[PlyCount "51"]
[EventDate "2007.??.??"]
[EventType "corr"]
[EventRounds "2"]
[SourceDate "2007.06.28"]

1. e4 c6 2. Nc3 e6 3. d4 d5 4. e5 c5 5. Nf3 cxd4 6. Nxd4 Nd7 7. Ndb5 a6 8. Nd6+
Bxd6 9. exd6 Qb6 10. Qg4 g6 11. Qg3 Ngf6 12. Bh6 Qxb2 13. Rd1 Qxc2 14. Be2 Ne4
15. Nxe4 Qxe4 16. Rd2 Qb1+ 17. Bd1 f6 18. O-O Qb4 19. a3 Qa5 20. Bc2 e5 21.
Rfd1 d4 22. Bg7 Rg8 23. Bxg6+ hxg6 24. Qxg6+ Kd8 25. Rc2 Nc5 26. Bxf6+ 1-0

[Event "17PCR_ZK03"]
[Site "?"]
[Date "2007.??.??"]
[Round "?"]
[White "Masek, Frantisek"]
[Black "Goc, Pavel"]
[Result "0-1"]
[WhiteElo "1864"]
[BlackElo "2145"]
[PlyCount "48"]
[EventDate "2007.??.??"]
[EventType "corr"]
[EventRounds "2"]
[SourceDate "2007.06.28"]

1. d4 Nf6 2. Nf3 d5 3. c4 c6 4. cxd5 cxd5 5. Nc3 Nc6 6. Bf4 Bf5 7. e3 e6 8. Qa4
Be7 9. Ne5 Qb6 10. Bb5 O-O 11. Bxc6 Qxb2 12. O-O bxc6 13. Nxc6 Bd8 14. Rac1 Bd3
15. Rfd1 Ng4 16. Bg3 Bg5 17. Qb3 Qxb3 18. axb3 Bg6 19. Nb5 Nxe3 20. f4 Bf6 21.
Re1 Nc2 22. Red1 a5 23. Rd2 Nb4 24. Ne5 Rfc8 0-1

[Event "17PCR_ZK03"]
[Site "?"]
[Date "2007.??.??"]
[Round "?"]
[White "Zachoval, Milan"]
[Black "Vyvial, Vaclav"]
[Result "1/2-1/2"]
[WhiteElo "1600"]
[BlackElo "1767"]
[PlyCount "63"]
[EventDate "2007.??.??"]
[EventType "corr"]
[EventRounds "2"]
[SourceDate "2007.06.28"]

1. e4 c6 2. d4 d5 3. exd5 cxd5 4. c4 Nf6 5. Nc3 e6 6. Nf3 Be7 7. Be3 Qb6 8. Qc2
dxc4 9. Bxc4 Qb4 10. Bb3 O-O 11. O-O Na6 12. a3 Qd6 13. Ne4 Nxe4 14. Qxe4 Nc7
15. Rac1 Nd5 16. Bxd5 exd5 17. Qe5 f6 18. Qxd6 Bxd6 19. h3 Kf7 20. Rfe1 Bd7 21.
Bd2 Rac8 22. Rxc8 Rxc8 23. Rc1 Rxc1+ 24. Bxc1 Bb5 25. g3 Ke6 26. Be3 h5 27. h4
g6 28. Nd2 Kf5 29. Kg2 b6 30. f3 g5 31. hxg5 fxg5 32. Kh3 1/2-1/2

[Event "17PCR_ZK03"]
[Site "?"]
[Date "2007.??.??"]
[Round "?"]
[White "Vyvial, Vaclav"]
[Black "Zachoval, Milan"]
[Result "1/2-1/2"]
[WhiteElo "1767"]
[BlackElo "1600"]
[PlyCount "58"]
[EventDate "2007.??.??"]
[EventType "corr"]
[EventRounds "2"]
[SourceDate "2007.06.28"]

1. e4 c5 2. Nf3 d6 3. d4 cxd4 4. Nxd4 Nf6 5. Nc3 a6 6. Be2 e5 7. Nb3 Be6 8. O-O
Be7 9. Be3 Qc7 10. Nd5 Bxd5 11. exd5 Nbd7 12. c4 Ne4 13. Qd3 Nec5 14. Nxc5 Nxc5
15. Qf5 g6 16. Qc2 f5 17. Bxc5 Qxc5 18. Qa4+ Kf7 19. b4 Qc7 20. Rab1 h5 21.
Rfe1 Bg5 22. Qb3 b6 23. a3 Rhb8 24. Rbd1 a5 25. Ra1 axb4 26. axb4 Bf6 27. Rxa8
Rxa8 28. f3 Qa7 29. Qe3 Be7 1/2-1/2

[Event "17PCR_ZK03"]
[Site "?"]
[Date "2007.??.??"]
[Round "?"]
[White "Zachoval, Milan"]
[Black "Cvak, Rudolf"]
[Result "0-1"]
[WhiteElo "1600"]
[BlackElo "2247"]
[PlyCount "92"]
[EventDate "2007.??.??"]
[EventType "corr"]
[EventRounds "2"]
[SourceDate "2007.06.28"]

1. e4 e5 2. Nf3 Nc6 3. Bb5 a6 4. Ba4 Nf6 5. O-O Be7 6. Re1 b5 7. Bb3 O-O 8. a4
Bb7 9. c3 d6 10. d4 Na5 11. Bc2 c5 12. Nbd2 Qc7 13. d5 c4 14. Nf1 Rfb8 15. axb5
axb5 16. Ng3 Bc8 17. h3 Nb7 18. Bd2 Rxa1 19. Qxa1 Nc5 20. Qb1 Nfd7 21. b4 cxb3
22. Bxb3 Nb6 23. Qc2 Bd7 24. Ra1 Rc8 25. Ne2 Nca4 26. Bxa4 bxa4 27. Be1 f5 28.
Nd2 fxe4 29. Qxe4 Qc5 30. Rb1 Nxd5 31. c4 Nf6 32. Qb7 Qc6 33. Qxc6 Bxc6 34. Nc3
a3 35. Ra1 d5 36. Nf3 d4 37. Nb5 Bxb5 38. cxb5 Bd6 39. b6 Nd7 40. b7 Rb8 41.
Nd2 Nb6 42. Ne4 Be7 43. f3 Rxb7 44. Bg3 Nc4 45. h4 Rb2 46. Kh2 d3 0-1

[Event "17PCR_ZK03"]
[Site "?"]
[Date "2007.??.??"]
[Round "?"]
[White "Masek, Frantisek"]
[Black "Cvak, Rudolf"]
[Result "0-1"]
[WhiteElo "1864"]
[BlackElo "2247"]
[PlyCount "78"]
[EventDate "2007.??.??"]
[EventType "corr"]
[EventRounds "2"]
[SourceDate "2007.06.28"]

1. d4 Nf6 2. Nf3 d5 3. c4 e6 4. Bg5 Be7 5. cxd5 exd5 6. e3 c6 7. Be2 Bf5 8. Qb3
Qb6 9. Qxb6 axb6 10. O-O Nbd7 11. Nc3 Ne4 12. Bxe7 Nxc3 13. bxc3 Kxe7 14. Rfc1
b5 15. Nh4 Be6 16. Bd3 g6 17. e4 dxe4 18. Bxe4 Nf6 19. Bc2 Bxa2 20. Nf3 Ra3 21.
Re1+ Kd6 22. Bb1 Rha8 23. Bxa2 Rxa2 24. Rxa2 Rxa2 25. Ng5 Rc2 26. Nxf7+ Kd5 27.
Re5+ Kc4 28. Nd6+ Kxc3 29. Rc5+ Kd3 30. Nxb7 Rxc5 31. dxc5 Kc3 32. Na5 b4 33.
Kf1 Nd7 34. f4 Nxc5 35. Ke1 b3 36. Nxb3 Kxb3 37. Kd2 Nb7 38. Ke2 c5 39. h4 c4
0-1

[Event "17PCR_ZK03"]
[Site "?"]
[Date "2007.??.??"]
[Round "?"]
[White "Masek, Frantisek"]
[Black "Vyvial, Vaclav"]
[Result "1/2-1/2"]
[WhiteElo "1864"]
[BlackElo "1767"]
[PlyCount "44"]
[EventDate "2007.??.??"]
[EventType "corr"]
[EventRounds "2"]
[SourceDate "2007.06.28"]

1. d4 c6 2. e4 d5 3. Nc3 dxe4 4. Nxe4 Bf5 5. Ng3 Bg6 6. Nf3 Nd7 7. Bd3 Bxd3 8.
Qxd3 e6 9. O-O Qc7 10. c4 O-O-O 11. Re1 Ngf6 12. Rb1 Bb4 13. Re2 Rhe8 14. b3 e5
15. dxe5 Nxe5 16. Qf5+ Ned7 17. Bf4 Bd6 18. Bxd6 Qxd6 19. Rxe8 Rxe8 20. Qa5 Kb8
21. Nf5 Qf4 22. Nxg7 Rg8 1/2-1/2

[Event "17PCR_ZK03"]
[Site "?"]
[Date "2007.??.??"]
[Round "?"]
[White "Vyvial, Vaclav"]
[Black "Masek, Frantisek"]
[Result "1/2-1/2"]
[WhiteElo "1767"]
[BlackElo "1864"]
[PlyCount "41"]
[EventDate "2007.??.??"]
[EventType "corr"]
[EventRounds "2"]
[SourceDate "2007.06.28"]

1. e4 Nf6 2. e5 Nd5 3. c4 Nb6 4. d4 d6 5. Nf3 Bg4 6. exd6 cxd6 7. Nbd2 Nc6 8.
h3 Bf5 9. d5 Nb4 10. Nd4 Qd7 11. Qb3 Qa4 12. Qxa4+ Nxa4 13. b3 Nc5 14. Nxf5
Nc2+ 15. Kd1 Nxa1 16. Bb2 Naxb3 17. axb3 Rg8 18. Ng3 g6 19. Nge4 a5 20. Nxc5
dxc5 21. Kc2 1/2-1/2

[Event "17PCR_ZK03"]
[Site "?"]
[Date "2007.??.??"]
[Round "?"]
[White "Pavlicek, Miroslav"]
[Black "Vyvial, Vaclav"]
[Result "1/2-1/2"]
[WhiteElo "1964"]
[BlackElo "1767"]
[PlyCount "74"]
[EventDate "2007.??.??"]
[EventType "corr"]
[EventRounds "2"]
[SourceDate "2007.06.28"]

1. b4 d5 2. Bb2 e6 3. Nf3 Nf6 4. a3 c5 5. b5 Bd6 6. e3 O-O 7. c4 b6 8. Qc2 Bb7
9. cxd5 exd5 10. Be2 a6 11. O-O axb5 12. Nc3 Re8 13. Nxb5 Be7 14. Be5 Na6 15.
Rab1 Ng4 16. Bf4 Nf6 17. Ne5 c4 18. d3 cxd3 19. Nxd3 Rc8 20. Qb2 Nc5 21. Nd4
Na4 22. Qb3 Nc3 23. Rbc1 Nxe2+ 24. Nxe2 Ba6 25. Rfd1 Bc4 26. Qb2 Ne4 27. Be5
Ra8 28. Ra1 Bxa3 29. Rxa3 Rxa3 30. Qxa3 Bxd3 31. Qxd3 Rxe5 32. Qd4 Qd6 33. Nf4
Nf6 34. Rb1 Nd7 35. h4 g6 36. Ra1 f6 37. Rd1 Nc5 1/2-1/2

[Event "17PCR_ZK03"]
[Site "?"]
[Date "2007.??.??"]
[Round "?"]
[White "Vyvial, Vaclav"]
[Black "Pavlicek, Miroslav"]
[Result "1/2-1/2"]
[WhiteElo "1767"]
[BlackElo "1964"]
[PlyCount "86"]
[EventDate "2007.??.??"]
[EventType "corr"]
[EventRounds "2"]
[SourceDate "2007.06.28"]

1. e4 c5 2. f4 e6 3. Bb5 a6 4. Be2 Nc6 5. Nf3 d5 6. d3 g6 7. O-O Bg7 8. Nbd2
Nge7 9. Re1 O-O 10. g3 b6 11. Bf1 Bb7 12. Bg2 Qc7 13. e5 b5 14. b3 f6 15. Bb2
fxe5 16. Nxe5 Nf5 17. Ndf3 d4 18. Ng5 Bxe5 19. Nxe6 Qf7 20. Nxf8 Rxf8 21. fxe5
Ne3 22. Rxe3 dxe3 23. Qe2 Nd4 24. Bxd4 cxd4 25. Rf1 Qe7 26. Rxf8+ Kxf8 27. Bxb7
Qxb7 28. c3 dxc3 29. Qxe3 Qc7 30. Kf2 c2 31. Qc1 b4 32. d4 g5 33. Kf3 Qc6+ 34.
Ke2 Ke8 35. Kd3 Qc3+ 36. Ke4 g4 37. e6 Kd8 38. Kf5 Qd3+ 39. Ke5 Kc7 40. Kf6
Qxd4+ 41. Ke7 Qf2 42. Ke8 h6 43. e7 a5 1/2-1/2

[Event "17PCR_ZK03"]
[Site "?"]
[Date "2007.??.??"]
[Round "?"]
[White "Cvak, Rudolf"]
[Black "Pavlicek, Miroslav"]
[Result "1/2-1/2"]
[WhiteElo "2247"]
[BlackElo "1964"]
[PlyCount "123"]
[EventDate "2007.??.??"]
[EventType "corr"]
[EventRounds "2"]
[SourceDate "2007.06.28"]

1. e4 c5 2. Nf3 d6 3. d4 cxd4 4. Nxd4 Nf6 5. Nc3 a6 6. Bg5 e6 7. f4 Qb6 8. Nb3
Be7 9. Qf3 Nbd7 10. Be2 Qc7 11. O-O b5 12. Bxf6 Bxf6 13. e5 Qb6+ 14. Kh1 Bb7
15. Ne4 dxe5 16. fxe5 Nxe5 17. Nxf6+ gxf6 18. Qxf6 Rg8 19. Rg1 Qe3 20. Rae1 Qh3
21. Qf2 Rg4 22. Nd2 Rd8 23. Nf1 Rg5 24. Rd1 Rxd1 25. Bxd1 Rf5 26. Qd2 Nc4 27.
Qe1 Nxb2 28. Be2 Nc4 29. Bxc4 bxc4 30. Qd2 c3 31. Qe1 Rg5 32. Ne3 Re5 33. Qb1
Rb5 34. Qe1 f5 35. Qf2 Rb4 36. a3 Qh4 37. Qe2 Re4 38. Qd3 Qf4 39. Rd1 Qc7 40.
h3 Kf7 41. Qd7+ Qxd7 42. Rxd7+ Kf6 43. Rxb7 Rxe3 44. Rc7 Ke5 45. Kg1 Kd6 46.
Rc4 Re5 47. Kf2 Rc5 48. Ra4 Rd5 49. Rxa6+ Ke5 50. Ke3 Rd2 51. Ra5+ Kd6 52. Ra6+
Kd5 53. Ra5+ Kc4 54. Ra4+ Kb5 55. Rb4+ Kc5 56. g4 Rxc2 57. Kd3 Rh2 58. Kxc3
Rxh3+ 59. Kb2 fxg4 60. Rxg4 e5 61. a4 Rh6 62. a5 1/2-1/2